| 000 | 01323nam a2200337 c 4500 | ||
|---|---|---|---|
| 003 | BLK | ||
| 005 | 20230713005236.0 | ||
| 008 | 180413b bul|||||r ||||||| ||bul|| | ||
| 010 | _aKNG00026786000 | ||
| 020 |
_a954-8240-67-Х _bиздат.: Обсидиан |
||
| 040 | _aBLK | ||
| 041 |
_aBUL _cBUL |
||
| 080 |
_aАмериканска литература (на САЩ) _b821.111(73) _x-312.4 _z821.111(73)-312.4 |
||
| 100 | 1 |
_aБалдачи, Дейвид _eпърви автор _935928 |
|
| 139 |
_aБалдачи, Дейвид _bБ 21 |
||
| 245 | 1 | 0 |
_aПроста истина _bРоман _cДейвид Балдачи; прев. от англ. Любомир Николов. |
| 257 | _aUSA | ||
| 260 |
_аСофия _bОбсидиан _c1999 _fВ. Търново : Абагар |
||
| 300 |
_a416 с. _c20 см |
||
| 380 | _aX | ||
| 500 | _aОриг. загл. The Simple Truth / David Baldacci. - Офс. изд. - 7 000 тир. | ||
| 653 | _aтрилъри | ||
| 653 | _aромани | ||
| 700 |
_aНиколов, Любомир Славов, 1950 - _9242031 |
||
| 852 | _aЦб 200682 | ||
| 856 | 4 |
_qpdf _u |
|
| 856 | 4 |
_qpdf _u |
|
| 942 |
_cKNG _n0 _029 |
||
| 944 |
_aCR _c23.06.2003 _lCRON CRON _k |
||
| 944 |
_aED _c20.10.2016 _lф / _kЛюдмила_Стоянова |
||
| 999 |
_c24280 _d24280 |
||